| 000 | 01895cam a22003494a 4500 | ||
|---|---|---|---|
| 999 |
_c20592 _d20592 |
||
| 001 | 13330871 | ||
| 003 | OSt | ||
| 005 | 20170120105127.0 | ||
| 008 | 030902s2004 njua j f 001 0 eng | ||
| 010 | _a 2003019494 | ||
| 020 | _a0471460435 (pbk. : acidfree paper) | ||
| 020 | _a0471457671 (cloth : acidfree paper) | ||
| 040 |
_aDLC _cDLC _dDLC |
||
| 042 |
_apcc _alcac |
||
| 050 | 0 | 0 |
_aQ182.3 _b.B63 2004 |
| 082 | 0 | 0 |
_a507/.8 _222 |
| 100 | 1 |
_aBochinski, Julianne Blair, _d1966 |
|
| 245 | 1 | 4 |
_aThe complete handbook of science fair projects / _cJulianne Blair Bochinski ; illustrated by Judy DiBiase. |
| 250 | _aNewly rev. and updated. | ||
| 260 |
_aHoboken, N.J. : _bJ. Wiley, _cc2004. |
||
| 300 |
_axii, 228 p. : _bill. ; _c26 cm. |
||
| 500 | _aIncludes index. | ||
| 520 | _aDiscusses various aspects of science fair projects including advice on choosing a topic, doing research, developing experiments, organizing data results, and presenting a project to the judges. | ||
| 650 | 0 |
_aScience projects _vHandbooks, manuals, etc. _vJuvenile literature. |
|
| 650 | 1 |
_aScience projects _vHandbooks, manuals, etc. |
|
| 650 | 1 | _aHandbooks, manuals, etc. | |
| 700 | 1 |
_aBochinski-DiBiase, Judy J., _eill. |
|
| 856 | 4 | 2 |
_3Contributor biographical information _uhttp://www.loc.gov/catdir/bios/wiley046/2003019494.html |
| 856 | 4 | 1 |
_3Table of contents _uhttp://www.loc.gov/catdir/toc/ecip048/2003019494.html |
| 856 | 4 | 2 |
_3Publisher description _uhttp://www.loc.gov/catdir/description/wiley039/2003019494.html |
| 906 |
_a7 _bcbc _corignew _d1 _eecip _f20 _gy-gencatlg |
||
| 942 |
_2lcc _cBOOKS _iQ 182.3 .B63 2004 |
||